000 00304nam a22001217a 4500
082 _a540
_bRES/C
100 _aRESONANCE
245 _aCHEMISTRY RANK BOOSTER
_bCLASS XI & XII
260 _aKOTA
_bRESONANCE EDUVENTURES
_c2018
300 _a324
650 _aNEET CHEMISTRY ENTRANCE COACHING
_zINDIA
942 _cBK
999 _c971
_d971